Beginnings : the story of origins--of mankind, life, the earth, the universe /

Bibliographic Details
Main Author: Asimov, Isaac, 1920-1992
Format: Book
Language:English
Published: New York : Walker, 1987.
Subjects:

MARC

Tag First Indicator Second Indicator Subfields
LEADER 00000cam a2200000 a 4500
001 in00000010851
005 20151007051930.0
008 870601s1987 nyua 00110 eng
010 |a  87015325  
020 |a 0802710034 :  |c $19.95 
035 |a (OCoLC)16090817 
035 |9 AAA5513AM 
040 |a DLC  |c DLC  |d TXA  |d UtOrBLW 
049 |a TXAM  |c [A12605790] 
050 0 0 |a QH325  |b .A73 1987 
082 0 |a 577  |2 19 
100 1 |a Asimov, Isaac,  |d 1920-1992. 
245 1 0 |a Beginnings :  |b the story of origins--of mankind, life, the earth, the universe /  |c by Isaac Asimov. 
264 1 |a New York :  |b Walker,  |c 1987. 
300 |a xii, 284 pages :  |b illustrations ;  |c 24 cm. 
336 |a text  |b txt  |2 rdacontent 
337 |a unmediated  |b n  |2 rdamedia 
338 |a volume  |b nc  |2 rdacarrier 
500 |a Includes index. 
650 0 |a Life  |x Origin. 
650 0 |a Human beings  |x Origin. 
650 0 |a Cosmology. 
999 |a MARS 
999 f f |s 6d70a6ac-f6fe-3eed-ac7f-225b42e6cfe7  |i 422f796b-bdcc-3754-a1cd-d51787a790fb  |t 0 
952 f f |p ric  |a Texas A&M University  |b Rellis Campus  |c Joint Library Facility  |d Remote Storage  |t 0  |e QH325 .A73 1987  |h Library of Congress classification  |i unmediated -- volume  |m A14812605790 
998 f f |a QH325 .A73 1987  |t 0  |l Remote Storage